Tasas municipales: alcances, límites y legalidad (Registro nro. 31119)

Detalles MARC
000 -LEADER
fixed length control field 00379 a2200121 4500
001 - CONTROL NUMBER
control field ART_61943
005 - DATE AND TIME OF LATEST TRANSACTION
control field 20260410161959.0
008 - FIXED-LENGTH DATA ELEMENTS--GENERAL INFORMATION
fixed length control field 260409a
100 1# - MAIN ENTRY--PERSONAL NAME
Personal name Camerini, Marcelo A.
245 10 - TITLE STATEMENT
Title Tasas municipales: alcances, límites y legalidad
700 1# - ADDED ENTRY--PERSONAL NAME
Personal name Vega, Gerardo E.
773 0# - HOST ITEM ENTRY
Title Temas de derecho comercial
Related parts - Año 10, N° 12 (dic. 2024)
Record control number REV28151

No hay ítems disponibles.